| 000 | 00419pab a2200157 454500 | ||
|---|---|---|---|
| 008 | 180718b2003 xxu||||| |||| 00| 0 eng d | ||
| 100 | _aBuckley, Jack | ||
| 245 | _aShopping for schools: how do marginal consumers gather information about schools? | ||
| 260 | _c2003 | ||
| 300 | _ap.121-45. | ||
| 362 | _aMay | ||
| 650 | _aSchools | ||
| 700 | _aSchneider, Mark | ||
| 773 | _aPolicy Studies Journal | ||
| 909 | _a56745 | ||
| 999 |
_c56745 _d56745 |
||